Periodiska systemet - Statistics

General Stats
  • This quiz has been taken 199 times
  • The average score is 38 of 118
Answer Stats
# Symbol Element % Correct
2 He Helium
92%
1 H Väte
92%
6 C Kol
82%
47 Ag Silver
79%
8 O Syre
79%
79 Au Guld
74%
7 N Kväve
74%
12 Mg Magnesium
74%
11 Na Natrium
74%
5 B Bor
71%
26 Fe Järn
71%
17 Cl Klor
71%
3 Li Litium
71%
10 Ne Neon
71%
18 Ar Argon
68%
4 Be Beryllium
66%
20 Ca Kalcium
66%
19 K Kalium
66%
9 F Fluor
63%
29 Cu Koppar
63%
13 Al Aluminium
61%
15 P Fosfor
61%
21 Sc Skandium
58%
16 S Svavel
58%
22 Ti Titan
55%
24 Cr Krom
53%
86 Rn Radon
53%
30 Zn Zink
53%
35 Br Brom
50%
14 Si Kisel
50%
80 Hg Kvicksilver
50%
54 Xe Xenon
50%
27 Co Kobolt
47%
36 Kr Krypton
47%
25 Mn Mangan
47%
28 Ni Nickel
47%
50 Sn Tenn
47%
53 I Jod
45%
88 Ra Radium
45%
87 Fr Francium
42%
32 Ge Germanium
42%
78 Pt Platina
42%
34 Se Selen
42%
92 U Uran
42%
33 As Arsenik
39%
55 Cs Cesium
39%
77 Ir Iridium
39%
23 V Vanadin
39%
37 Rb Rubidium
37%
38 Sr Strontium
37%
39 Y Yttrium
37%
82 Pb Bly
32%
31 Ga Gallium
32%
41 Nb Niob
32%
48 Cd Kadmium
29%
76 Os Osmium
29%
84 Po Polonium
29%
74 W Volfram
29%
40 Zr Zirkonium
29%
51 Sb Antimon
26%
85 At Astat
26%
56 Ba Barium
26%
49 In Indium
26%
42 Mo Molybden
24%
94 Pu Plutonium
24%
73 Ta Tantal
24%
52 Te Tellur
24%
99 Es Einsteinium
21%
46 Pd Palladium
21%
45 Rh Rodium
21%
72 Hf Hafnium
18%
102 No Nobelium
18%
75 Re Rhenium
18%
43 Tc Teknetium
18%
95 Am Americum
16%
98 Cf Californium
16%
57 La Lantan
16%
103 Lr Lawrencium
16%
118 Og Oganesson
16%
106 Sg Seaborgium
16%
81 Tl Tallium
16%
83 Bi Vismut
16%
104 Rf Rutherfordium
13%
96 Cm Curium
11%
68 Er Erbium
11%
63 Eu Europium
11%
93 Np Neptunium
11%
70 Yb Ytterbium
11%
107 Bh Bohrium
8%
58 Ce Cerium
8%
105 Db Dubnium
8%
101 Md Mendelevium
8%
115 Mc Moskovium
8%
69 Tm Tulium
8%
89 Ac Aktinium
5%
112 Cn Copernicium
5%
100 Fm Fermium
5%
64 Gd Gadolinium
5%
108 Hs Hassium
5%
67 Ho Holmium
5%
71 Lu Lutetium
5%
111 Rg Röntgenium
5%
44 Ru Rutium
5%
117 Ts Tenness
5%
97 Bk Berkelium
3%
114 Fl Flerovium
3%
116 Lv Livermorium
3%
60 Nd Neodym
3%
113 Nh Nihonium
3%
61 Pm Prometium
3%
91 Pa Protaktinium
3%
65 Tb Terbium
3%
90 Th Torium
3%
110 Ds Darmstadtium
0%
66 Dy Dyprosium
0%
109 Mt Meitnerium
0%
59 Pr Praseodym
0%
62 Sm Samarium
0%
No matching quizzes found
Score Distribution
Percent of People with Each Score
Percentile by Number Answered
Your Score History
You have not taken this quiz